Clickable Flashcards: German Verbs Quiz Stats

 Plays Quiz not verified by Sporcle

Challenge
Share
Tweet
Embed
Score 0/50 Timer 06:00
0 Plays Today
% Correct
schwimmen
86.1%
lieben
84.7%
singen
84%
beginnen
84%
sprechen
82.8%
fliegen
82.7%
danken
82.4%
essen
82%
finden
82%
helfen
80.9%
machen
80.3%
schreiben
79.9%
trinken
79.8%
antworten
79.5%
sehen
79.4%
hören
79.1%
arbeiten
78%
kommen
77.6%
spielen
77.5%
geben
77.1%
schlafen
76.8%
gehen
76.2%
kosten
75.7%
regnen
74%
verstehen
73.3%
% Correct
lesen
72.7%
fahren
72.6%
öffnen
72.1%
kaufen
69.3%
denken
69.2%
vergessen
69.2%
bringen
68.9%
wohnen
68.2%
schmecken
67.9%
warten
67.4%
sagen
65.9%
fragen
64.8%
setzen
62.2%
suchen
58.8%
bleiben
58%
nehmen
56.8%
bezahlen
56.1%
besuchen
54.4%
probieren
53.8%
reisen
53.7%
bedeuten
51.1%
bekommen
50.8%
bestellen
48.6%
schicken
47.7%
zeigen
47.1%

You're not logged in!

Compare scores with friends on all Sporcle quizzes.
OR
Log In

You Might Also Like...

Show Comments

Extras

Top Quizzes Today


Score Distribution

Your Account Isn't Verified!

In order to create a playlist on Sporcle, you need to verify the email address you used during registration. Go to your Sporcle Settings to finish the process.

Report this User

Report this user for behavior that violates our Community Guidelines.

Details: